West Midlands Tram Stops - Statistics

General Stats
  • This quiz has been taken 8 times
  • The average score is 19 of 33
Answer Stats
Hint Answer % Correct
Zone 2 The Hawthorns
100%
Zone 4 Wolverhampton St George's
100%
Zone 1 Bull Street
75%
Zone 1 Corporation Street
75%
Zone 1 Five Ways
75%
Zone 1 Grand Central
75%
Zones 1 & 2 Jewellery Quarter
75%
Zone 4 Pipers Row
75%
Zone 1 St Chads
75%
Zone 4 The Royal
75%
Zone 2 West Bromwich Central
75%
Zone 4 Wolverhampton Station
75%
Zone 3 Bilston Central
50%
Zones 2 & 3 Black Lake
50%
Zone 1 Brindley Place
50%
Zone 2 Dartmouth Street
50%
Zone 1 Edgbaston Village
50%
Zone 2 Handsworth Booth Street
50%
Zone 2 Kenrick Park
50%
Zone 1 Library Centenary Square
50%
Zone 2 Lodge Road
50%
Zone 3 Loxdale
50%
Zone 2 Soho Benson Road
50%
Zone 1 St Paul's
50%
Zone 1 Town Hall
50%
Zone 2 Trinity Way
50%
Zone 3 Wednesbury Great Western Street
50%
Zone 3 Wednesbury Parkway
50%
Zone 2 Winson Green Outer Circle
50%
Zone 3 Bradley Lane
25%
Zone 2 Dudley Street Guns Village
25%
Zones 3 & 4 Priestfield
25%
Zone 3 The Crescent
25%
No matching quizzes found
Score Distribution
Percent of People with Each Score
Percentile by Number Answered
Your Score History
You have not taken this quiz